| 000 | 00685cam a22001934a 4500 | ||
|---|---|---|---|
| 020 | _a0764547860 (alk. paper) | ||
| 040 | _cDLC | ||
| 082 | 0 | 0 | _a005 BOO 2001 A006 Or. |
| 100 | 1 | _aKabir, Mohammed J., | |
| 245 | 1 | 0 | _aRed Hat Linux 7 server / |
| 260 |
_aFoster City, CA : _bM&T Books, _cc2001. |
||
| 300 |
_axxix, 729 p. : _bill. ; _c24 cm.+ _e3 computer laser optical discs (4 3/4 in) |
||
| 650 | 0 | _aOperating systems (Computers) | |
| 650 | 0 | _aWeb servers. | |
| 856 | 4 | 2 | _uhttp://www.loc.gov/catdir/bios/wiley045/00048716.html |
| 856 | 4 | 2 | _uhttp://www.loc.gov/catdir/description/wiley038/00048716.html |
| 856 | 4 | 1 | _uhttp://www.loc.gov/catdir/toc/wiley021/00048716.html |
| 942 | _cEK | ||
| 999 |
_c11960 _d11960 |
||